| 000 | 00656nam a22002177a 4500 | ||
|---|---|---|---|
| 003 | OSt | ||
| 005 | 20210513151853.0 | ||
| 008 | 100812s2018 dr 000 0 spa d | ||
| 020 | _a9789945090963 | ||
| 040 |
_aDO-SdBNP _bspa _cBNPHHU |
||
| 082 |
_axxxx _bG216l |
||
| 100 | 1 |
_a Garcia , Ruthy _d1957- _933511 |
|
| 245 | 1 | 3 |
_aEl lapso / _cRuthy Garcia |
| 246 |
_aEl lapso : _bun paseo dentro de una mente atormentada / |
||
| 260 |
_aSanto Domingo; _a[s.d.], _c2018. |
||
| 300 |
_a171 p. _c23 cm. |
||
| 500 | _aLa biblioteca posee la 1ra. parte. | ||
| 500 | _aIncluye datos biográficos de la autora. | ||
| 590 | _aInventariado, 2020 /YL | ||
| 942 |
_2ddc _cLBS1 |
||
| 999 |
_c49032 _d49032 |
||